Demography & Democracy: (Record no. 201574)

MARC details
000 -LEADER
fixed length control field 00631nam a22001937a 4500
005 - DATE AND TIME OF LATEST TRANSACTION
control field 20240318165927.0
010 ## - LCCN (DPL NO)
LC control number ENG-139765
020 ## - INTERNATIONAL STANDARD BOOK NUMBER
International Standard Book Number 9788125042921
Terms of availability 1705.00
035 ## - SYSTEM CONTROL NUMBER
System control number EN-123297
037 ## - SOURCE OF ACQUISITION
Source of stock number/acquisition DBAD/PUB
082 ## - DEWEY DECIMAL CLASSIFICATION NUMBER
Classification number 320.54
Edition number 1
100 ## - MAIN ENTRY--PERSONAL NAME
Personal name Bannerji, Himani
245 ## - TITLE STATEMENT
Title Demography & Democracy:
Statement of responsibility, etc By Himani Bannerji
Remainder of title Essays on Nationalism, Gender and Ideology/
250 ## - EDITION STATEMENT
Edition statement 1
260 ## - PUBLICATION, DISTRIBUTION, ETC. (IMPRINT)
Place of publication, distribution, etc Hyderabad
Name of publisher, distributor, etc Orient Blackswan Private Ltd
Date of publication, distribution, etc 2011
270 ## - ADDRESS
Address 3-6-752, Himayatnagar
City Hyderabad
Postal code 500029
Electronic mail address info@orintblackswan.com
300 ## - PHYSICAL DESCRIPTION
Extent 274p.
Dimensions 22cm(hbk)
942 ## - ADDED ENTRY ELEMENTS (KOHA)
Source of classification or shelving scheme Dewey Decimal Classification
Classification part 320.54
Item type English Books
Call number suffix BAN
Edition 1
Holdings
Withdrawn status Lost status Not for loan Collection code Home library Current library Date acquired Source of acquisition Cost, normal purchase price Full call number Barcode Copy number Cost, replacement price Koha item type
      Non-fiction Bawana Bawana 18/03/2024 DBAD 1705.00 320.54 BAN EN-123297 1 1705.00 English Books

© Delhi Public Library
Hit Counter
free hit counter